| 000 -LEADER |
| fixed length control field |
01203pam a2200325 a 4500 |
| 001 - CONTROL NUMBER |
| control field |
2127853 |
| 003 - CONTROL NUMBER IDENTIFIER |
| control field |
LRUA |
| 005 - DATE AND TIME OF LATEST TRANSACTION |
| control field |
20230323164738.0 |
| 008 - FIXED-LENGTH DATA ELEMENTS--GENERAL INFORMATION |
| fixed length control field |
971222s1998 maua b 001 0 eng |
| 010 ## - LIBRARY OF CONGRESS CONTROL NUMBER |
| LC control number |
97053179 |
| 020 ## - INTERNATIONAL STANDARD BOOK NUMBER |
| International Standard Book Number |
0801627281 |
| 040 ## - CATALOGING SOURCE |
| Original cataloging agency |
DLC |
| Transcribing agency |
DLC |
| Modifying agency |
DLC |
| 050 00 - LIBRARY OF CONGRESS CALL NUMBER |
| Classification number |
QD33 |
| Item number |
.K327 1999 |
| 082 00 - DEWEY DECIMAL CLASSIFICATION NUMBER |
| Classification number |
540 |
| Edition number |
21 |
| 100 1# - MAIN ENTRY--PERSONAL NAME |
| Personal name |
Kelter, Paul B. |
| 245 10 - TITLE STATEMENT |
| Title |
Chemistry : |
| Remainder of title |
a world of choices / |
| Statement of responsibility, etc. |
Paul B. Kelter, James D. Carr, Andrew Scott. |
| 246 1# - VARYING FORM OF TITLE |
| Display text |
Title from box: |
| Title proper/short title |
Impact |
| 246 1# - VARYING FORM OF TITLE |
| Display text |
Title from box: |
| Title proper/short title |
Do you let the world happen to you, or do you make an impact on your world? |
| 250 ## - EDITION STATEMENT |
| Edition statement |
1st ed. |
| 260 ## - PUBLICATION, DISTRIBUTION, ETC. (IMPRINT) |
| Place of publication, distribution, etc. |
Boston, Mass. : |
| Name of publisher, distributor, etc. |
WCB/McGraw-Hill, |
| Date of publication, distribution, etc. |
1998. |
| 300 ## - PHYSICAL DESCRIPTION |
| Extent |
xiv, 589 p. : |
| Other physical details |
ill. (some col.) ; |
| Dimensions |
28 cm. |
| 500 ## - GENERAL NOTE |
| General note |
Issued in a box (33 cm.) with book title on spine; one leaf attached to the inside of box. |
| 504 ## - BIBLIOGRAPHY, ETC. NOTE |
| Bibliography, etc |
Includes bibliographical references and index. |
| 650 #0 - SUBJECT ADDED ENTRY--TOPICAL TERM |
| Topical term or geographic name as entry element |
Chemistry. |
| 700 1# - ADDED ENTRY--PERSONAL NAME |
| Personal name |
Carr, James D. |
| 700 1# - ADDED ENTRY--PERSONAL NAME |
| Personal name |
Scott, Andrew, |
| Dates associated with a name |
1955- |
| 906 ## - LOCAL DATA ELEMENT F, LDF (RLIN) |
| a |
7 |
| b |
cbc |
| c |
orignew |
| d |
1 |
| e |
ocip |
| f |
19 |
| g |
y-gencatlg |
| 942 ## - ADDED ENTRY ELEMENTS (KOHA) |
| Source of classification or shelving scheme |
|
| Koha item type |
ឯកសារស្រាវជ្រាវ |